000 00519nam a2200193Ia 4500
003 OSt
005 20250208112937.0
008 210210b1997 xxu||||| |||| 00| 0 eng d
040 _cAL
041 _aKannada
082 _aK894.3 MUKM
100 _aMUKTA (C N).
_d ಮುಕ್ತಾ (ಸಿ ಎನ್)
_9198521
245 _aManolahari.
_bಮನೋಲಹರಿ
260 _aBengalur
_bRajalakshmi Prakashana
_c1997
300 _a192
690 _aKannada Fiction
_9198522
906 _a052494
942 _2ddc
_cBK
999 _c100649
_d100649